Nannoru parampara rubberinangal: Vankida thottangalil ninnulla aadya phalangal (Record no. 72844)

MARC details
000 -LEADER
fixed length control field 00440nam a2200169Ia 4500
100 ## - MAIN ENTRY--AUTHOR NAME
Personal name Gireesh T
245 #0 - TITLE STATEMENT
Title Nannoru parampara rubberinangal: Vankida thottangalil ninnulla aadya phalangal
260 ## - PUBLICATION, DISTRIBUTION, ETC. (IMPRINT)
Name of publisher Rubber
Year of publication 2008
300 ## - PHYSICAL DESCRIPTION
Number of Pages 13-14.
650 ## - SUBJECT ADDED ENTRY--TOPICAL TERM
Topical Term RRII 400 series
700 ## - ADDED ENTRY--PERSONAL NAME
Personal name John A
700 ## - ADDED ENTRY--PERSONAL NAME
Personal name Meenakumari T
700 ## - ADDED ENTRY--PERSONAL NAME
Personal name Soman T A
700 ## - ADDED ENTRY--PERSONAL NAME
Personal name Varghese Y A
942 ## - ADDED ENTRY ELEMENTS (KOHA)
Koha item type Malayalam
Holdings
Withdrawn status Lost status Damaged status Not for loan Home library Current library Date acquired Serial Enumeration / chronology Koha item type
      Journals RRII Library RRII Library 23/07/2008 Volume 508, Issue July Malayalam